1183 1364 1708 1232 1126 1923 1885 1691 1048 1726 1185 1128 1700 1156 1403 1223 1778 1346 1478 1662 1698 1829 1550 1743 1787 1081 1125 1475 1107 1955 1377 1096 1766 1641 1021 1848 1888 1302 1196 1036 1514 1955 1327 1465 1060 1946 1598 1594 1485 1607 1538 1226 1131 1863 1573 1311 1016 1727 1696 1779 1611 1194 1766 1571 1022 1758 1632 1986 1512 1091 1748 1172 1668 1108 1089 1119 1611 1908 1101 1627 1656 1685 1368 1051 1519 1965 1544 1031 1035 1575 1026 1825 1008 1012 1211 1235 1023 1155 1590 BCNSPRNW ULIB Ver.6.0+V

เปลี่ยนเป็นภาษาไทย

Change to English
 แสดงรายละเอียดบรรณานุกรม
  กลับหน้าหลัก

Brief Record : Get Marc (ISO 2709) : E-mail record : QR code < ปิดหน้าต่าง
LEADER : 00000nam 2200000uu 4500
001    13399120276
003     ULIB
008    120918s2548||||th 000 0 tha d
020    ^a9746434594 (ล.3)
060 04 ^aWY160^bส719ก ล.3 2548
110 2  ^aมหาวิทยาลัยสุโขทัยธรรมาธิราช. ^bสาขาวิชาพยาบาลศาสตร์
245 10 ^aการส่งเสริมสุขภาพจิตและการพยาบาลจิตเวชหน่วยที่ 11-15 =^bMental healthpromotion and psychiatric nursing /^cสาขาวิชาพยาบาลศาสตร์ มหาวิทยาลัยสุโขทัยธรรมาธิราช
250    ^aพิมพ์ครั้งที่ 3
260    ^aนนทบุรี :^bสำนักพิมพ์มหาวิทยาลัยสุโขทัยธรรมาธิราช,^c2548
300    ^a3 ล. ;^c30 ซม.
500    ^a"เอกสารการสอนชุดวิชา 51102 หน่วยที่ 1-7, 8-10, 11-15" --หน้าปกใน
650  7 ^aการพยาบาลจิตเวชศาสตร์
650  7 ^aการส่งเสริมสุขภาพจิต
945    ^p0^l0^i24422
995    ^aวิภา
999 ^a ใช้งานได้ทุกระบบ
รายการนี้ยังไม่มีแท็ก
คุณยังไม่ได้ล็อกอิน คุณสามารถมีกิจกรรมร่วมกับเว็บไซต์ได้ แต่ต้องล็อกอินก่อน ::
  ล็อกอิน

รายการสื่อสารสนเทศ

ลำดับที่ ประเภท เลขเรียก/บาร์โค้ด สถานที่ สถานะ
1. Book การพยาบาล
Book การพยาบาล
สถานะ=หนังสือเก่า
WY160 ส719ก ล.3 2548  
  Barcode: 24422
ห้องสมุดวิทยาเขตนครสวรรค์
►หนังสือทั่วไป:l:General Books
บนชั้น

รายการใกล้เคียง
    หัวเรื่อง [การพยาบาลจิตเวชศาสตร์]
    หัวเรื่อง [การส่งเสริมสุขภาพจิต]

BibComment


ยังไม่เคยถูกคอมเมนท์

คอมเมนท์ทรัพยากรรายการนี้
  คอมเมนท์: การส่งเสริมสุขภา..


 Copyright 2026. Bcnsprnw @Library